Las cenizas del sentido: la metamorfosis del texto - lector

Gardado en:
Detalles Bibliográficos
Autor Principal: Ramírez Caro, Jorge
Formato: Libro
Idioma:Undetermined
Publicado: San José, Costa Rica Editorial Costa Rica 2001
Materias:
Etiquetas: Engadir etiqueta
Sen Etiquetas, Sexa o primeiro en etiquetar este rexistro!

MARC

LEADER 00000nam a2200000Ia 4500
008 170316s9999 xx 000 0 und d
040 |a cru BVZT 
090 |a 860 R-1c 
100 |a Ramírez Caro, Jorge 
245 |a Las cenizas del sentido: la metamorfosis del texto - lector 
260 |a San José, Costa Rica 
260 |b Editorial Costa Rica 
260 |c 2001 
300 |a 279 páginas 
650 |a LITERATURA LATINOAMERICANA 
650 |a ENSAYOS 
650 |a LOS LIBROS 
650 |a LECTURA 
942 0 0 |0 3 
999 |c 9143  |d 9143